Countries Closest to Houston - Statistics

General Stats
  • This quiz has been taken 29 times
  • The average score is 18 of 20
Answer Stats
Distance (km) Distance (mi) Country % Correct
456 284 Mexico
100%
1,634 1,014 Bahamas
96%
1,747 1,086 Canada
96%
1,396 867 Guatemala
96%
0 0 United States / Texas
96%
2,216 1,377 Colombia / San Andres and Providencia
92%
1,359 845 Cuba
92%
2,610 1,622 Dominican Republic
92%
1,800 1,119 El Salvador
92%
2,454 1,525 Haiti
92%
2,582 1,604 Panama
92%
3,144 1,953 Venezuela
92%
1,430 889 Belize
88%
2,289 1,422 Costa Rica
88%
3,128 1,944 Ecuador / Galapagos Islands
88%
1,717 1,067 Honduras
88%
2,139 1,329 Jamaica
88%
1,973 1,226 Nicaragua
88%
1,819 1,130 United Kingdom / Cayman Islands
81%
2,589 1,609 France / Clipperton Island
73%
No matching quizzes found
Score Distribution
Percent of People with Each Score
Percentile by Number Answered
Your Score History
You have not taken this quiz